000 00514nam a2200181Ia 4500
003 GCL
008 140319s9999 xx 000 0 eng d
040 _aGCL /
_cGCL
082 0 4 _a305.42095694
_bM W
100 1 _aMOORS, ANNEBIES
245 1 0 _aWOMEN, PROPERITY AND ISLAM: PALESTINIAN EXPERIENCES, 1920 - 1990 /
_cMOORS, ANNEBIES
260 _a[S.N] :
_bCAMBRIBGE UNIVERSITY PRESS ،
_c1995
300 _a274 P
650 0 4 _aWOMEN
650 0 4 _aISLAM - WOMEN
650 0 4 _aPALESTINE - WOMEN
942 _2ddc
_cBK
999 _c14478
_d14478